Management kvality I /

Hlavní autor: Kožíšek, Jan, 1941-
Korporativní autor: České vysoké učení technické v Praze. Strojní fakulta
Další autoři: Stieberová, Barbora, 1978-
Jazyk: Čeština
Vydáno: V Praze : České vysoké učení technické, 2015
Vydání: 4. vyd.
Témata:
Fyzický popis: 227 s. : il. ; 30 cm
Knihy
Uloženo v:
LEADER 01508nam a2200409 a 4500
001 nkc20152663081
003 CZ PrNK
005 20150507064639.0
007 ta
008 150220s2015 xr a e p 000 0 cze
015 |a cnb002663081 
020 |a 978-80-01-05673-8  |q (brož.) 
035 |a (OCoLC)907526258 
040 |a ABA001  |b cze 
072 7 |a 005  |x Management. Řízení  |2 Konspekt  |9 4 
072 7 |a 37.016  |x Učební osnovy. Vyučovací předměty. Učebnice  |2 Konspekt  |9 22 
080 |a 005.6  |2 MRF 
080 |a (075.8)  |2 MRF 
100 1 |a Kožíšek, Jan,  |d 1941-  |7 ntka173042  |4 aut 
245 1 0 |a Management kvality I /  |c Jan Kožíšek, Barbora Stieberová 
250 |a 4. vyd. 
260 |a V Praze :  |b České vysoké učení technické,  |c 2015 
300 |a 227 s. :  |b il. ;  |c 30 cm 
500 |a Na obálce nad názvem: České vysoké učení technické v Praze, Fakulta strojní 
500 |a 50 výt. 
504 |a Obsahuje bibliografii 
650 0 7 |a management jakosti  |7 ph115218  |2 czenas 
650 0 9 |a quality control  |2 eczenas 
655 7 |a učebnice vysokých škol  |7 fd133772  |2 czenas 
655 9 |a textbooks (higher)  |2 eczenas 
700 1 |a Stieberová, Barbora,  |d 1978-  |7 ctu2006326621  |4 aut 
710 2 |a České vysoké učení technické v Praze.  |b Strojní fakulta  |7 ko20010093670 
910 2 |a BOA001  |b 4-1341.897 
990 |a BK 
995 |a 01 
991 |b 201505  |c NOV  |e n 
996 6 |b 2610623677  |c 4-1341.897  |l MZK  |r Sklad / do 1 hodiny  |n 8  |p p.v.  |w 001492192  |u 000010  |a 1  |e BOA001  |j MZK50  |s P